| 000 | 00783pam a2200229 a 4500 | ||
|---|---|---|---|
| 001 | 1070790 | ||
| 005 | 20251129163135.0 | ||
| 008 | 910628s1992 nyua 001 0 eng | ||
| 020 |
_a007004340X : _c$42.95 |
||
| 050 | 0 | 0 |
_aTA405 _b.B39 1992 |
| 082 | 0 | 0 |
_a620.1/12 _220 |
| 100 | 1 |
_aBeer, Ferdinand P. _q(Ferdinand Pierre), _d1915-2003. |
|
| 245 | 1 | 0 |
_aMechanics of materials / _cFerdinand P. Beer, E. Russell Johnston, Jr., with the collaboration of John T. DeWolf. |
| 250 | _a2nd ed. | ||
| 260 |
_aNew York : _bMcGraw-Hill, _cc1992. |
||
| 300 |
_axix, 740 p. : _bcol. ill. ; _c25 cm. |
||
| 500 | _aIncludes index. | ||
| 650 | 0 | _aStrength of materials. | |
| 700 | 1 |
_aJohnston, E. Russell _q(Elwood Russell), _d1925-2010. |
|
| 700 | 1 | _aDeWolf, John T. | |
| 942 |
_2lcc _cBK _e2nd ed. _n0 |
||
| 999 |
_c8463 _d8463 |
||